000 00452nam a2200193Ia 4500
001 14797
003 GE_BSU
008 181216s||||||||xx |||||||||||||| ||und||
040 _cGE_BSU
080 _a514(075.8)
100 _aАтанасян Л.С.
245 _aГеометрия ч.1
260 _aМосква
260 _bПросвещение
260 _c1973
300 _a480стр.22см.
653 _aГеометрия
942 _cBK
999 _c47920
_d47920